Statistiken für Deutsche Städte - Bildquiz#2

Klicken Sie hier um das Quiz zu spielen!

Allgemein

  • Dieses Quiz wurde 77 mal gespielt
  • Das Durchschnittsergebnis liegt bei 10 aus 20

Antwortstatistiken

Antwort% Korrekt
Berlin
100%
Frankfurt am Main
92%
München
92%
Düsseldorf
85%
Hannover
70%
Heidelberg
67%
Stuttgart
61%
Kiel
54%
Augsburg
51%
Mannheim
44%
Münster
43%
Darmstadt
38%
Saarbrücken
36%
Bochum
33%
Oldenburg
30%
Ingolstadt
26%
Chemnitz
23%
Hamm
18%
Heilbronn
18%
Krefeld
16%

Verteilung der Resultate

Perzentil nach korrekt beantworteten Fragen

Anzahl Personen mit jedem Resultat

Ihre Resultats-Entwicklung

Sie haben dieses Quiz noch nicht gespielt